01335nam a2200325 a 4500001001200000003000800012006001900020007001500039008004100054010001700095020001500112040002100127035002000148050002900168100002600197245011200223260006800335300001700403490003300420504006400453533015200517650003900669650003700708650004100745655002900786710001700815830003400832856012600866999001700992ebr10014937CaPaEBRm u cr cn|||||||||981130s1999 enk sb 001 0 eng  z 98053578  z052164125X aCaPaEBRcCaPaEBR a(OCoLC)7072798514aHD8039.S852bM453 1999eb1 aAllen, Richard Blair.10aSlaves, freedmen, and indentured laborers in colonial Mauritiush[electronic resource] /cRichard B. Allen. aCambridge, UK ;aNew York :bCambridge University Press,c1999. axvii, 221 p.1 aAfrican studies series ;v99 aIncludes bibliographical references (p. 202-217) and index. aElectronic reproduction.bPalo Alto, Calif. :cebrary,d2013.nAvailable via World Wide Web.nAccess may be limited to ebrary affiliated libraries. 0aSugar workerszMauritiusxHistory. 0aSugar tradezMauritiusxHistory. 0aPlantation lifezMauritiusxHistory. 7aElectronic books.2local2 aebrary, Inc. 0aAfrican studies series ;v99.40uhttp://site.ebrary.com/lib/rucke/Doc?id=10014937zAn electronic book accessible through the World Wide Web; click to view c11231d11231